Lotus add-in toolkit guide /

Bibliographic Details
Main Author: Ainsbury, Robert D.
Format: Book
Language:English
Published: Carmel, IN : Que, [1990]
Subjects:

MARC

Tag First Indicator Second Indicator Subfields
LEADER 00000cam a2200000 a 4500
001 in00000933621
005 20150925121143.0
008 891229s1990 inua 00110 eng
010 |a  89064500  
020 |a 0880225505 :  |c $22.95 ($29.95 Can., £20.95 U.K.) 
035 |a (OCoLC)21764959 
035 |9 AER9906AM 
040 |a DLC  |c DLC  |d UtOrBLW 
049 |a TXAM  |c [A13481652] 
050 0 0 |a HF5548.4.L67  |b A35 1990 
082 0 0 |a 650/.0285/5369  |2 20 
100 1 |a Ainsbury, Robert D. 
245 1 0 |a Lotus add-in toolkit guide /  |c Robert D. Ainsbury. 
264 1 |a Carmel, IN :  |b Que,  |c [1990] 
264 4 |c ©1990 
300 |a xxiii, 466 pages :  |b illustrations ;  |c 24 cm. 
336 |a text  |b txt  |2 rdacontent 
337 |a unmediated  |b n  |2 rdamedia 
338 |a volume  |b nc  |2 rdacarrier 
500 |a Includes index. 
630 0 0 |a Lotus 1-2-3 (Computer file) 
650 0 |a Utilities (Computer programs) 
650 0 |a Business  |x Computer programs. 
999 |a MARS 
999 f f |s 565c30af-2670-39df-b373-c9b18915439e  |i 8bafe3a5-bee0-3d60-b10f-a3a4f135436d  |t 0 
952 f f |p ric  |a Texas A&M University  |b Rellis Campus  |c Joint Library Facility  |d Remote Storage  |t 0  |e HF5548.4.L67 A35 1990  |h Library of Congress classification  |i unmediated -- volume  |m A14813481652 
998 f f |a HF5548.4.L67 A35 1990  |t 0  |l Remote Storage